000 00615nam a22002297a 4500
003 UA-OsUOA
001 87028
007 ta
008 20120913b un ||||| |||| 00| 0 ukr d
100 _aПеленський Є.
090 _a82.09
_bП23
942 _cBK
040 _aUA-OsUOA
_bukr
_cUA-OsUOA
_dUA-OsUOA
245 _aРайнер Марія Рільке й Україна
300 _a62 с.
955 _a1
041 _aukr
080 _a82.09
260 _aМінден
_bБистриця
_c1948
650 7 _a82 Література. Літературознавство
_2UDC
999 _c373323
_d373323